|
|
|
|
| LEADER |
00000nam0a2200000 4500 |
| 001 |
284800 |
| 005 |
20231101235730.0 |
| 020 |
|
|
|a RU
|b 84-457
|
| 035 |
|
|
|a (RuTPU)RU\TPU\book\308985
|
| 090 |
|
|
|a 284800
|
| 100 |
|
|
|a 20150218d1983 m y0rusy5003 ca
|
| 101 |
0 |
|
|a rus
|
| 102 |
|
|
|a RU
|
| 105 |
|
|
|a y j 000zy
|
| 200 |
1 |
|
|a Метод сумматорных тождеств
|e учебное пособие
|f Глушенков В. Д.
|
| 210 |
|
|
|a Казань
|c Изд-во Казанского ун-та
|d 1983
|
| 215 |
|
|
|a 68 с.
|
| 606 |
|
|
|a Сумматорных тождеств метод
|2 stltpush
|3 (RuTPU)RU\TPU\subj\58296
|9 76094
|
| 610 |
1 |
|
|a алгебраические выражения
|
| 610 |
1 |
|
|a тождественные преобразования
|
| 610 |
1 |
|
|a разностные схемы
|
| 610 |
1 |
|
|a дифференциальные уравнения с частными производными
|
| 610 |
1 |
|
|a решение
|
| 610 |
1 |
|
|a учебные пособия
|
| 675 |
|
|
|a 517.962
|v 3
|
| 700 |
|
1 |
|a Глушенков
|b В. Д.
|g Владимир Дмитриевич
|
| 801 |
|
0 |
|a RU
|b RuMRKP
|c 19950704
|g psbo
|
| 801 |
|
1 |
|a RU
|b 63413507
|c 20150218
|
| 801 |
|
2 |
|a RU
|b 63413507
|c 20171019
|g RCR
|
| 942 |
|
|
|c BK
|